Our body : tubuh kita

Bibliographic Details
Main Author: Abd. Azim Rashidi
Format: Book
Published: Kuala Lumpur : Pustaka Prinsip , 2004
Series:Basic science series
Subjects:

MARC

LEADER 00000cam a2200000 7i4500
001 0000005822
005 20220105104014.0
008 070810
020 |a 9830532283 (set) 
020 |a 9830532291 
090 0 0 |a JP   |b SC ENG (7125) 
100 0 |a Abd. Azim Rashidi 
245 1 0 |a Our body :   |b tubuh kita   |c Abd. Azim Rashidi 
260 |a Kuala Lumpur :   |b Pustaka Prinsip ,   |c 2004 
440 |a Basic science series 
500 |a Children age 4-6 years old (yellow) 
650 0 |a Junior preschool   |x English   |x Languages 
650 0 |a Science fiction 
999 |a 0000980490   |b Book   |c Children Collection   |e Perbadanan Perpustakaan Awam Johor 
999 |a 0000980491   |b Book   |c Children Collection   |e Cawangan Pontian 
999 |a 0000980492   |b Book   |c Children Collection   |e Cawangan Mersing 
999 |a 0000980493   |b Book   |c Children Collection   |e Perbadanan Perpustakaan Awam Johor 
999 |a 0000980494   |b Book   |c Children Collection   |e Perbadanan Perpustakaan Awam Johor